| 000 | 00538nam a22001937a 4500 | ||
|---|---|---|---|
| 005 | 20250827143459.0 | ||
| 008 | 250731b |||||||| |||| 00| 0 eng d | ||
| 020 | _a978-627-31-0173-6 | ||
| 082 |
_a615 _bLAI-G |
||
| 100 | _aLaiq Hussain Siddiqui | ||
| 245 |
_aGeneral Anatomy / _cLaiq Hussain Siddiqui |
||
| 250 | _a7th ed. | ||
| 260 |
_aPakistan : _bParamount ; _c2024 . |
||
| 300 |
_a180p. : _bill ; _c21.5 cm. |
||
| 500 | _aPrinted in Pakistan. | ||
| 650 | _aMedical / Anatomy | ||
| 700 | _aLaiq Hussain Siddiqui | ||
| 999 |
_c37002 _d37002 |
||